Дело о доставлении сведения в Государственную экспедицию для ревизии счетов о суммах, отпущенных в 1823 году из Тверской казенно...

Доступно только в Электронных читальных залах Найти на картеНа карте
RUSMARC
00003728nmc2a22002413x 450
00139f3ccbb-8ab2-4360-b672-67d6a088835f
00520260112163554.0
100##$a20250716l18261827k l0rusy0189 ca
1010#$arus
102##$aRU
105##$ay###
1222#$ad
2001#$aДело о доставлении сведения в Государственную экспедицию для ревизии счетов о суммах, отпущенных в 1823 году из Тверской казенной палаты на учебные заведения Тверской губернии
$j17 февраля 1826 г. - 19 апреля 1827 г.
215##$a5 л.
$d36,5х26 см
251##$cДело
300##$aДело
371##$aДокумент не является опубликованным и широко распространяемым
461#0$1001a74412a3-3cc5-4d21-8f0a-dfe2fbd9e72d
$12001
$aДепартамент народного просвещения Министерства народного просвещения (1803-1917)
$1251
$cФонд
$1852
$j733
462#0$1001ccc93d8c-a161-4593-b7db-1a3e4c2bc189
$12001
$aДела счетного отделения Департамента народного просвещения за 1819-1838 годы
$1251
$cОпись
$1852
$j111
801#0$aRU
$bРГИА
$c20250716
$gRCR
801#1$aRU
$bГлавНИВЦ
$c20250716
$2rusmarc
801#2$aRU
$bПБ им. Б.Н. Ельцина
$c20260112
$gRCR
$2rusmarc
850##$aРГИА
852##$aРГИА
$eФедеральное казенное учреждение "Российский государственный исторический архив" (РГИА)
$j275
937##$hРГИА
$d12094095
$aASBIBLIO_SCAN
035##$aRusGRCC00088547
856##$uhttp://readingroom.main.prlib.ru/item.aspx?id_node=n199919569&mode=full
Формат отображения